| Tag |
First Indicator |
Second Indicator |
Subfields |
| LEADER |
00000cam a2200000 4500 |
| 001 |
in00000708021 |
| 005 |
20151016054145.0 |
| 008 |
750917s1944 nyuaf b 00010 engs |
| 010 |
|
|
|a 44002635
|
| 035 |
|
|
|a (OCoLC)01631146
|
| 035 |
|
|
|9 ADC3272AM
|
| 040 |
|
|
|a DLC
|c BNG
|d TXA
|d UtOrBLW
|
| 049 |
|
|
|a TXAM
|c 1 [140562]
|c 2 [140563]
|
| 050 |
|
0 |
|a NK2115
|b .T4
|
| 082 |
0 |
|
|a 747
|
| 092 |
|
|
|a 747
|b T318d
|
| 100 |
1 |
|
|a Terhune, Florence B.
|
| 245 |
1 |
0 |
|a Decorating for you /
|c by Florence B. Terhune, illustrated by Jessie Robinson.
|
| 264 |
|
1 |
|a New York :
|b M. Barrows & company, inc.,
|c [1944]
|
| 300 |
|
|
|a x pages, 2 ., 15-284 pages :
|b frontispiece, illustrations, plates, diagrams ;
|c 26 cm.
|
| 336 |
|
|
|a text
|b txt
|2 rdacontent
|
| 337 |
|
|
|a unmediated
|b n
|2 rdamedia
|
| 338 |
|
|
|a volume
|b nc
|2 rdacarrier
|
| 504 |
|
|
|a Includes bibliographies.
|
| 650 |
|
0 |
|a Interior decoration.
|
| 999 |
|
|
|a MARS
|
| 999 |
f |
f |
|s a0c261b1-a961-30ad-a5fe-638dc2ee93b7
|i c133be80-d2a1-3abf-aae8-2a30a7a68ce6
|t 0
|
| 952 |
f |
f |
|p normal
|a Texas A&M University
|b College Station
|c Sterling C. Evans Library
|d Evans: Library Stacks
|t 0
|e NK2115 .T4
|h Library of Congress classification
|i unmediated -- volume
|m A14801154079
|
| 998 |
f |
f |
|a NK2115 .T4
|t 0
|l Evans: Library Stacks
|